Statistics for Islands by Shape #1

Click here to take the quiz!

General Stats

  • This quiz has been taken 49,702 times
    (16,471 since last reset)
  • The average score is 10 of 16

Answer Stats

Answer % Correct
Australia
99%
Iceland
89%
Cyprus
88%
Greenland
86%
Cuba
85%
Sri Lanka
84%
Great Britain
83%
Sicily
59%
Crete
49%
North Island
45%
Newfoundland
42%
New Guinea
39%
Hokkaido
38%
Baffin
34%
Hawaii
30%
Sulawesi
30%

Score Distribution

Percentile by Number Answered

Percent of People with Each Score

Your Score History

You have not taken this quiz since the last reset